000 00578nam a22001697a 4500
003 UA-OsUOA
001 15035
007 ta
008 20031028b un ||||| |||| 00| 0 ukr d
942 _cSA
040 _aUA-OsUOA
_cUA-OsUOA
_dUA-OsUOA
245 _aДобрі справи СДПУ(о) - Незалежній Україні : [Про діяльність орг. СДПУ(о) на Рівненщині
300 _aС.2
955 _a0
773 0 _w0
_tВісті Рівненщини
_dРівне
_d2003
_g№69/20 серп./
650 7 _aКраєзнавча робота
_2UDC
999 _c301200
_d301200